[Event "DVM U12 2023"]
[Site "Magdeburg GER"]
[Date "2023.12.28"]
[Round "3"]
[White "Kollmer, Otto"]
[Black "Rabus, Johann"]
[Result "0-1"]
[Termination "normal"]
[Board "3.4"]
[WhiteElo "1029"]
[BlackElo "1349"]
[WhiteClock "01:20:34"]
[BlackClock "01:02:56"]
[WhiteTeam "VSG 1880 Offenbach"]
[BlackTeam "TSG Oberschöneweide"]
[PlyCount "75"]
[WhiteFideId "34660712"]
[BlackFideId "34602950"]
[EventCountry "GER"]
[EventRounds "7"]
[EventType "team-swiss"]
[EventDate "2023.12.26"]

1. e4 {[%clk 01:30:59]} c6 {[%clk 01:30:51]} {[%emt 00:00:10]} 2. d4 {[%clk
01:31:23]} {[%emt 00:00:06]} d5 {[%clk 01:31:13]} {[%emt 00:00:08]} 3. e5
{[%clk 01:31:49]} {[%emt 00:00:04]} Bf5 {[%clk 01:31:36]} {[%emt 00:00:06]} 4.
g4 {[%clk 01:32:10]} {[%emt 00:00:09]} Bg6 {[%clk 01:31:18]} {[%emt 00:00:49]}
5. h4 {[%clk 01:32:31]} {[%emt 00:00:09]} h5 {[%clk 01:31:43]} {[%emt
00:00:05]} 6. e6 {[%clk 01:32:57]} {[%emt 00:00:04]} fxe6 {[%clk 01:30:15]}
{[%emt 00:01:58]} 7. Bd3 {[%clk 01:33:19]} {[%emt 00:00:08]} Bxd3 {[%clk
01:29:24]} {[%emt 00:01:22]} 8. Qxd3 {[%clk 01:33:43]} {[%emt 00:00:05]} hxg4
{[%clk 01:28:29]} {[%emt 00:01:24]} 9. Qg6+ {[%clk 01:34:07]} {[%emt 00:00:07]}
Kd7 {[%clk 01:28:46]} {[%emt 00:00:12]} 10. Qxg4 {[%clk 01:34:27]} {[%emt
00:00:10]} Nf6 {[%clk 01:28:58]} {[%emt 00:00:18]} 11. Qh3 {[%clk 01:34:42]}
{[%emt 00:00:16]} Qe8 {[%clk 01:28:09]} {[%emt 00:01:18]} 12. Nf3 {[%clk
01:33:16]} {[%emt 00:01:56]} Ne4 {[%clk 01:27:06]} {[%emt 00:01:33]} 13. Ne5+
{[%clk 01:31:56]} {[%emt 00:01:50]} Kc7 {[%clk 01:26:55]} {[%emt 00:00:41]} 14.
Bf4 {[%clk 01:30:16]} {[%emt 00:02:11]} g5 {[%clk 01:23:07]} {[%emt 00:04:18]}
15. Nf7+ {[%clk 01:30:13]} {[%emt 00:00:32]} gxf4 {[%clk 01:23:29]} {[%emt
00:00:09]} 16. Nxh8 {[%clk 01:30:32]} {[%emt 00:00:11]} Bg7 {[%clk 01:23:30]}
{[%emt 00:00:29]} 17. Qxe6 {[%clk 01:30:04]} {[%emt 00:00:58]} Bxh8 {[%clk
01:23:42]} {[%emt 00:00:18]} 18. c3 {[%clk 01:29:27]} {[%emt 00:01:06]} Nd7
{[%clk 01:22:31]} {[%emt 00:01:40]} 19. Na3 {[%clk 01:28:53]} {[%emt 00:01:06]}
Ndf6 {[%clk 01:22:03]} {[%emt 00:00:58]} 20. f3 {[%clk 01:28:38]} {[%emt
00:00:45]} Ng3 {[%clk 01:21:50]} {[%emt 00:00:43]} 21. Rh2 {[%clk 01:29:00]}
{[%emt 00:00:07]} Qd7 {[%clk 01:21:04]} {[%emt 00:01:16]} 22. Qe5+ {[%clk
01:28:55]} {[%emt 00:00:35]} Qd6 {[%clk 01:20:11]} {[%emt 00:01:22]} 23. Qxd6+
{[%clk 01:29:00]} {[%emt 00:00:27]} exd6 {[%clk 01:19:18]} {[%emt 00:01:23]}
24. O-O-O {[%clk 01:28:35]} {[%emt 00:00:55]} Re8 {[%clk 01:19:04]} {[%emt
00:00:44]} 25. Nc2 {[%clk 01:26:59]} {[%emt 00:02:06]} Nfh5 {[%clk 01:18:35]}
{[%emt 00:00:59]} 26. Rdd2 {[%clk 01:25:47]} {[%emt 00:01:41]} Nf1 {[%clk
01:18:50]} {[%emt 00:00:15]} 27. Rde2 {[%clk 01:25:53]} {[%emt 00:00:24]} Rxe2
{[%clk 01:05:16]} {[%emt 00:14:05]} 28. Rxe2 {[%clk 01:26:12]} {[%emt
00:00:11]} Bf6 {[%clk 01:05:40]} {[%emt 00:00:06]} 29. Rf2 {[%clk 01:25:41]}
{[%emt 00:01:01]} Nfg3 {[%clk 01:05:57]} {[%emt 00:00:13]} 30. Rh2 {[%clk
01:25:58]} {[%emt 00:00:12]} Nf5 {[%clk 01:06:15]} {[%emt 00:00:12]} 31. Ne1
{[%clk 01:23:41]} {[%emt 00:02:47]} Nxh4 {[%clk 01:03:27]} {[%emt 00:03:19]}
32. Ng2 {[%clk 01:24:00]} {[%emt 00:00:10]} Nxg2 {[%clk 01:03:39]} {[%emt
00:00:18]} 33. Rxh5 {[%clk 01:23:31]} {[%emt 00:00:59]} Nh4 {[%clk 01:02:40]}
{[%emt 00:01:29]} 34. Rh7+ {[%clk 01:23:14]} {[%emt 00:00:46]} Kc8 {[%clk
01:02:54]} {[%emt 00:00:17]} 35. Rf7 {[%clk 01:23:32]} {[%emt 00:00:12]} Bd8
{[%clk 01:03:08]} {[%emt 00:00:15]} 36. Rxf4 {[%clk 01:23:00]} {[%emt
00:01:03]} Bg5 {[%clk 01:03:23]} {[%emt 00:00:15]} 37. Kd1 {[%clk 01:20:24]}
{[%emt 00:03:06]} Bxf4 {[%clk 01:02:56]} {[%emt 00:00:58]} 38. Ke2 {[%clk
01:20:34]} {[%emt 00:00:19]} 0-1

[Event "DVM U12 2023"]
[Site "Magdeburg GER"]
[Date "2023.12.28"]
[Round "3"]
[White "Wartenberg, Alexander"]
[Black "Vu, Hoang Bach"]
[Result "1-0"]
[Termination "normal"]
[Board "4.1"]
[WhiteElo "1695"]
[BlackElo "1230"]
[WhiteClock "00:13:16"]
[BlackClock "01:11:14"]
[WhiteTeam "Hamburger SK 1830"]
[BlackTeam "SC Borussia Lichtenberg"]
[PlyCount "93"]
[WhiteFideId "16280768"]
[BlackFideId "12436992"]
[EventCountry "GER"]
[EventRounds "7"]
[EventType "team-swiss"]
[EventDate "2023.12.26"]

1. e4 {[%clk 01:30:58]} d5 {[%clk 01:30:45]} {[%emt 00:12:45]} 2. exd5 {[%emt
00:00:08]} Qxd5 {[%clk 01:31:11]} {[%emt 00:00:02]} 3. Nc3 {[%clk 01:31:49]}
{[%emt 00:00:03]} Qd6 {[%clk 01:31:38]} {[%emt 00:00:03]} 4. d4 {[%clk
01:31:17]} {[%emt 00:01:03]} Nf6 {[%clk 01:31:48]} {[%emt 00:00:20]} 5. Nf3
{[%clk 01:30:23]} {[%emt 00:01:23]} Nc6 {[%clk 01:31:54]} {[%emt 00:00:24]} 6.
Nb5 {[%clk 01:30:00]} {[%emt 00:00:52]} Qd8 {[%clk 01:32:17]} {[%emt 00:00:07]}
7. c3 {[%clk 01:22:39]} {[%emt 00:07:51]} a6 {[%clk 01:32:35]} {[%emt
00:00:12]} 8. Na3 {[%clk 01:23:08]} {[%emt 00:00:02]} e5 {[%clk 01:32:20]}
{[%emt 00:00:45]} 9. Be3 {[%clk 01:12:13]} {[%emt 00:11:24]} Bxa3 {[%clk
01:24:11]} {[%emt 00:08:39]} 10. bxa3 {[%clk 01:12:41]} {[%emt 00:00:01]} e4
{[%clk 01:21:59]} {[%emt 00:02:43]} 11. Nd2 {[%clk 01:12:48]} {[%emt 00:00:23]}
O-O {[%clk 01:18:11]} {[%emt 00:04:18]} 12. Bg5 {[%clk 01:11:26]} {[%emt
00:01:52]} Re8 {[%clk 01:17:41]} {[%emt 00:01:00]} 13. Bc4 {[%clk 01:07:53]}
{[%emt 00:04:03]} b5 {[%clk 01:14:10]} {[%emt 00:04:01]} 14. Bb3 {[%clk
01:07:44]} {[%emt 00:00:39]} Qd6 {[%clk 01:13:35]} {[%emt 00:01:05]} 15. Bxf6
{[%clk 01:05:38]} {[%emt 00:02:36]} Qxf6 {[%clk 01:09:14]} {[%emt 00:04:51]}
16. O-O {[%clk 01:05:52]} {[%emt 00:00:16]} Bb7 {[%clk 01:08:46]} {[%emt
00:00:57]} 17. Re1 {[%clk 01:01:55]} {[%emt 00:04:28]} Qf4 {[%clk 01:05:57]}
{[%emt 00:03:17]} 18. Qc2 {[%clk 00:56:20]} {[%emt 00:06:08]} Na5 {[%clk
01:06:00]} {[%emt 00:00:27]} 19. Re3 {[%clk 00:55:24]} {[%emt 00:01:25]} Nxb3
{[%clk 00:59:55]} {[%emt 00:06:36]} 20. Qxb3 {[%clk 00:47:26]} {[%emt
00:08:28]} Re6 {[%clk 00:58:07]} {[%emt 00:02:17]} 21. Rae1 {[%clk 00:46:12]}
{[%emt 00:01:44]} Kh8 {[%clk 00:55:33]} {[%emt 00:03:04]} 22. Qb1 {[%clk
00:14:57]} {[%emt 00:31:44]} Rae8 {[%clk 00:55:38]} {[%emt 00:00:25]} 23. Nb3
{[%clk 00:15:03]} {[%emt 00:00:26]} Rh6 {[%clk 00:55:49]} {[%emt 00:00:18]} 24.
g3 {[%clk 00:12:40]} {[%emt 00:02:53]} Qg4 {[%clk 00:55:38]} {[%emt 00:00:41]}
25. f3 {[%clk 00:12:42]} {[%emt 00:00:28]} Qh5 {[%clk 00:55:05]} {[%emt
00:01:03]} 26. Qc2 {[%clk 00:12:55]} {[%emt 00:00:18]} Bc6 {[%clk 00:53:49]}
{[%emt 00:01:45]} 27. Nc5 {[%clk 00:12:46]} {[%emt 00:00:39]} f5 {[%clk
00:53:54]} {[%emt 00:00:24]} 28. fxe4 {[%clk 00:11:49]} {[%emt 00:01:28]} fxe4
{[%clk 00:53:59]} {[%emt 00:00:25]} 29. Nxa6 {[%clk 00:11:08]} {[%emt
00:01:12]} Rf6 {[%clk 00:51:05]} {[%emt 00:03:23]} 30. Rf1 {[%clk 00:09:30]}
{[%emt 00:02:07]} Rxf1+ {[%clk 00:51:01]} {[%emt 00:00:35]} 31. Kxf1 {[%clk
00:09:55]} {[%emt 00:00:05]} Rf8+ {[%clk 00:51:23]} {[%emt 00:00:07]} 32. Kg1
{[%clk 00:10:02]} {[%emt 00:00:23]} Bd7 {[%clk 00:51:18]} {[%emt 00:00:33]} 33.
Qxe4 {[%clk 00:08:34]} {[%emt 00:02:00]} Bh3 {[%clk 00:51:40]} {[%emt
00:00:08]} 34. Re1 {[%clk 00:08:55]} {[%emt 00:00:09]} Qh6 {[%clk 00:51:17]}
{[%emt 00:00:51]} 35. Qf4 {[%clk 00:06:05]} {[%emt 00:03:22]} g5 {[%clk
00:50:08]} {[%emt 00:01:37]} 36. Qe5+ {[%clk 00:06:11]} {[%emt 00:00:27]} Kg8
{[%emt 00:01:07]} 37. Qd5+ {[%clk 00:05:15]} {[%emt 00:01:24]} Kg7 {[%clk
00:48:50]} {[%emt 00:01:11]} 38. Nxc7 {[%clk 00:03:47]} {[%emt 00:01:59]} Rf7
{[%clk 00:47:12]} {[%emt 00:02:06]} 39. Ne6+ {[%clk 00:03:33]} {[%emt
00:00:46]} Kg6 {[%clk 00:47:09]} {[%emt 00:00:33]} 40. Qe4+ {[%clk 00:01:37]}
{[%emt 00:02:26]} Kh5 {[%emt 00:00:49]} 41. Qe5 {[%clk 00:00:32]} {[%emt
00:01:34]} Bf5 {[%clk 00:43:30]} {[%emt 00:03:49]} 42. Kg2 {[%clk 00:25:37]}
Kg6 {[%emt 00:05:45]} 43. h4 {[%emt 00:02:49]} gxh4 {[%clk 01:13:12]} {[%emt
00:00:18]} 44. Qe3 {[%clk 00:12:48]} {[%emt 00:11:43]} Qxe3 {[%clk 01:10:18]}
{[%emt 00:03:24]} 45. Rxe3 {[%clk 00:12:48]} {[%emt 00:00:30]} h3+ {[%clk
01:10:47]} {[%emt 00:00:01]} 46. Kh2 {[%clk 00:13:04]} Bxe6 {[%clk 01:11:14]}
{[%emt 00:00:17]} 47. Rxe6+ {[%clk 00:13:16]} 1-0

[Event "DVM U12 2023"]
[Site "Magdeburg GER"]
[Date "2023.12.28"]
[Round "3"]
[White "Bergmann, Rafael Antonio"]
[Black "Wang, Kaiwen"]
[Result "0-1"]
[Termination "normal"]
[Board "4.2"]
[WhiteElo "1545"]
[BlackElo "1446"]
[WhiteClock "00:55:44"]
[BlackClock "00:37:16"]
[WhiteTeam "SC Borussia Lichtenberg"]
[BlackTeam "Hamburger SK 1830"]
[PlyCount "170"]
[WhiteFideId "34635076"]
[BlackFideId "16279514"]
[EventCountry "GER"]
[EventRounds "7"]
[EventType "team-swiss"]
[EventDate "2023.12.26"]

1. e4 {[%clk 01:30:57]} e5 {[%clk 01:30:50]} {[%emt 00:00:10]} 2. Nf3 {[%clk
01:31:22]} {[%emt 00:00:06]} Nc6 {[%clk 01:31:13]} {[%emt 00:00:06]} 3. Bc4
{[%clk 01:31:46]} {[%emt 00:00:08]} Bc5 {[%clk 01:31:34]} {[%emt 00:00:08]} 4.
c3 {[%clk 01:32:10]} {[%emt 00:00:07]} Nf6 {[%clk 01:31:57]} {[%emt 00:00:05]}
5. d3 {[%clk 01:32:35]} {[%emt 00:00:07]} a6 {[%clk 01:32:20]} {[%emt
00:00:05]} 6. Bb3 {[%clk 01:33:00]} d6 {[%clk 01:32:43]} {[%emt 00:00:13]} 7.
Nbd2 {[%clk 01:33:19]} Ba7 {[%clk 01:33:06]} {[%emt 00:00:18]} 8. Nf1 {[%clk
01:33:17]} O-O {[%clk 01:33:11]} {[%emt 00:00:54]} 9. Ng3 {[%clk 01:33:28]} Be6
{[%clk 01:33:02]} {[%emt 00:00:59]} 10. O-O {[%clk 01:32:57]} Qd7 {[%clk
01:32:31]} {[%emt 00:02:01]} 11. Bg5 {[%clk 01:31:59]} Ne8 {[%clk 01:29:08]}
{[%emt 00:05:23]} 12. Nh4 {[%clk 01:29:54]} f6 {[%clk 01:26:54]} {[%emt
00:05:20]} 13. Be3 {[%clk 01:30:13]} Na5 {[%clk 01:20:24]} {[%emt 00:07:09]}
14. Bxe6+ {[%clk 01:30:01]} {[%emt 00:00:44]} Qxe6 {[%clk 01:20:30]} {[%emt
00:00:24]} 15. Nhf5 {[%clk 01:30:10]} {[%emt 00:00:22]} Nc6 {[%clk 01:19:53]}
{[%emt 00:01:05]} 16. Qg4 {[%clk 01:30:16]} {[%emt 00:00:25]} Nd8 {[%clk
01:17:37]} {[%emt 00:02:45]} 17. Bh6 {[%clk 01:29:14]} {[%emt 00:01:32]} Rf7
{[%clk 01:15:54]} {[%emt 00:02:13]} 18. Bd2 {[%clk 01:26:44]} {[%emt 00:03:00]}
Kh8 {[%clk 01:10:25]} {[%emt 00:05:59]} 19. h3 {[%clk 01:24:45]} {[%emt
00:02:30]} Rd7 {[%clk 01:08:40]} {[%emt 00:02:11]} 20. Kh1 {[%clk 01:17:06]}
{[%emt 00:08:13]} g6 {[%clk 01:07:00]} {[%emt 00:02:11]} 21. Nh6 {[%clk
01:16:18]} {[%emt 00:01:17]} Qxg4 {[%clk 01:07:17]} {[%emt 00:00:14]} 22. Nxg4
{[%clk 01:16:44]} {[%emt 00:00:04]} d5 {[%clk 01:06:48]} {[%emt 00:00:58]} 23.
Rad1 {[%clk 01:14:43]} {[%emt 00:02:30]} Ne6 {[%clk 01:05:44]} {[%emt
00:01:34]} 24. f4 {[%clk 01:13:50]} {[%emt 00:01:24]} dxe4 {[%clk 01:05:14]}
{[%emt 00:01:00]} 25. dxe4 {[%clk 01:11:45]} {[%emt 00:02:35]} exf4 {[%clk
01:05:09]} {[%emt 00:00:35]} 26. Ne2 {[%clk 01:11:31]} {[%emt 00:00:44]} g5
{[%clk 01:04:52]} {[%emt 00:00:48]} 27. h4 {[%clk 01:10:57]} {[%emt 00:01:04]}
Rad8 {[%clk 01:05:03]} {[%emt 00:00:18]} 28. Nh6 {[%clk 01:08:14]} {[%emt
00:03:14]} Kg7 {[%clk 01:03:20]} {[%emt 00:02:13]} 29. Nf5+ {[%clk 01:08:31]}
{[%emt 00:00:13]} Kf7 {[%clk 01:02:54]} {[%emt 00:00:51]} 30. Ned4 {[%clk
01:07:41]} {[%emt 00:01:24]} Nxd4 {[%clk 01:02:57]} {[%emt 00:00:27]} 31. cxd4
{[%clk 01:07:47]} {[%emt 00:00:24]} Nd6 {[%clk 01:01:59]} {[%emt 00:01:27]} 32.
Nxd6+ {[%clk 01:07:58]} {[%emt 00:00:20]} Rxd6 {[%clk 01:02:18]} {[%emt
00:00:10]} 33. d5 {[%clk 01:08:07]} {[%emt 00:00:21]} c6 {[%clk 01:01:59]}
{[%emt 00:00:50]} 34. Bb4 {[%clk 01:06:52]} {[%emt 00:01:45]} R6d7 {[%clk
01:00:12]} {[%emt 00:02:17]} 35. hxg5 {[%clk 01:06:46]} {[%emt 00:00:37]} fxg5
{[%clk 00:58:41]} {[%emt 00:02:02]} 36. g3 {[%clk 01:06:21]} {[%emt 00:00:55]}
cxd5 {[%clk 00:55:18]} {[%emt 00:03:53]} 37. gxf4 {[%clk 01:06:36]} {[%emt
00:00:14]} dxe4 {[%clk 00:54:08]} {[%emt 00:01:39]} 38. fxg5+ {[%clk 01:06:26]}
{[%emt 00:00:41]} Kg6 {[%clk 00:52:37]} {[%emt 00:01:59]} 39. Rde1 {[%clk
01:05:18]} {[%emt 00:01:39]} e3 {[%clk 00:51:07]} {[%emt 00:02:02]} 40. Bc3
{[%clk 01:05:14]} {[%emt 00:00:33]} Rf7 {[%clk 00:47:00]} {[%emt 00:04:38]} 41.
Rf6+ {[%clk 01:03:57]} {[%emt 00:01:46]} Rxf6 {[%clk 00:46:00]} {[%emt
00:01:31]} 42. gxf6 {[%clk 01:04:19]} {[%emt 00:00:08]} Kf7 {[%clk 00:45:59]}
{[%emt 00:00:32]} 43. Kg2 {[%clk 01:01:28]} {[%emt 00:03:21]} Rd5 {[%clk
00:41:57]} {[%emt 00:04:32]} 44. Kf3 {[%clk 01:00:24]} {[%emt 00:01:33]} Rd8
{[%clk 00:39:39]} {[%emt 00:02:47]} 45. Re2 {[%clk 00:59:16]} {[%emt 00:01:40]}
h5 {[%clk 00:38:14]} {[%emt 00:01:55]} 46. Kg3 {[%clk 00:57:36]} {[%emt
00:02:10]} b5 {[%clk 00:37:41]} {[%emt 00:01:04]} 47. Kh4 {[%clk 00:56:38]}
{[%emt 00:01:28]} Rd5 {[%clk 00:37:59]} {[%emt 00:00:10]} 48. b4 {[%clk
00:56:49]} {[%emt 00:00:19]} Rd3 {[%clk 00:38:06]} {[%emt 00:00:23]} 49. Be1
{[%clk 00:56:22]} {[%emt 00:00:58]} Kxf6 {[%clk 00:38:16]} {[%emt 00:00:20]}
50. Kxh5 {[%clk 00:56:14]} {[%emt 00:00:38]} Kf5 {[%clk 00:38:35]} {[%emt
00:00:11]} 51. Kh4 {[%clk 00:56:05]} {[%emt 00:00:39]} Kf4 {[%clk 00:38:52]}
{[%emt 00:00:13]} 52. Kh3 {[%clk 00:56:26]} {[%emt 00:00:10]} Kf3 {[%clk
00:38:41]} {[%emt 00:00:41]} 53. Rg2 {[%clk 00:56:17]} {[%emt 00:00:38]} Rd7
{[%clk 00:37:21]} {[%emt 00:01:46]} 54. Rg6 {[%clk 00:55:32]} {[%emt 00:01:19]}
Ke2 {[%clk 00:35:36]} {[%emt 00:02:16]} 55. Bh4 {[%clk 00:55:43]} {[%emt
00:00:19]} Kd2 {[%clk 00:35:09]} {[%emt 00:00:53]} 56. Bg5 {[%clk 00:55:56]}
{[%emt 00:00:20]} Kd1 {[%clk 00:34:11]} {[%emt 00:01:29]} 57. Bxe3 {[%clk
00:55:09]} {[%emt 00:01:17]} Bxe3 {[%clk 00:31:50]} {[%emt 00:02:52]} 58. Rxa6
{[%clk 00:55:04]} {[%emt 00:00:35]} Ra7 {[%clk 00:32:11]} {[%emt 00:00:06]} 59.
Rd6+ {[%clk 00:55:05]} {[%emt 00:00:30]} Kc2 {[%clk 00:31:44]} {[%emt
00:00:58]} 60. Rd5 {[%clk 00:54:05]} {[%emt 00:01:29]} Rb7 {[%clk 00:31:56]}
{[%emt 00:00:19]} 61. Kg2 {[%clk 00:53:43]} {[%emt 00:00:52]} Bd2 {[%clk
00:31:45]} {[%emt 00:00:40]} 62. a3 {[%clk 00:53:42]} {[%emt 00:00:32]} Bc1
{[%clk 00:32:05]} {[%emt 00:00:11]} 63. Rc5+ {[%clk 00:53:48]} {[%emt
00:00:23]} Kb1 {[%clk 00:32:05]} {[%emt 00:00:30]} 64. Rc3 {[%clk 00:54:04]}
{[%emt 00:00:13]} Bb2 {[%clk 00:32:26]} {[%emt 00:00:10]} 65. Rd3 {[%clk
00:52:28]} {[%emt 00:02:05]} Ka2 {[%clk 00:32:43]} {[%emt 00:00:13]} 66. Kf3
{[%clk 00:51:28]} {[%emt 00:01:30]} Bxa3 {[%clk 00:33:00]} {[%emt 00:00:13]}
67. Rd4 {[%clk 00:51:41]} {[%emt 00:00:16]} Kb3 {[%clk 00:33:17]} {[%emt
00:00:13]} 68. Ke2 {[%clk 00:52:05]} {[%emt 00:00:07]} Bxb4 {[%clk 00:33:26]}
{[%emt 00:00:21]} 69. Kd1 {[%clk 00:52:23]} {[%emt 00:00:13]} Rc7 {[%clk
00:33:39]} {[%emt 00:00:16]} 70. Rd5 {[%clk 00:52:38]} {[%emt 00:00:15]} Ka4
{[%clk 00:34:01]} {[%emt 00:00:06]} 71. Rf5 {[%clk 00:52:53]} {[%emt 00:00:17]}
Ba5 {[%clk 00:33:47]} {[%emt 00:00:44]} 72. Rf8 {[%clk 00:53:08]} {[%emt
00:00:16]} b4 {[%clk 00:33:44]} {[%emt 00:00:33]} 73. Rb8 {[%clk 00:53:29]}
{[%emt 00:00:08]} b3 {[%clk 00:33:53]} {[%emt 00:00:22]} 74. Ke2 {[%clk
00:53:28]} {[%emt 00:00:31]} Ka3 {[%clk 00:34:03]} {[%emt 00:00:20]} 75. Ra8
{[%clk 00:53:51]} {[%emt 00:00:08]} Rc5 {[%clk 00:34:29]} {[%emt 00:00:05]} 76.
Kd3 {[%clk 00:53:10]} {[%emt 00:01:10]} b2 {[%clk 00:34:44]} {[%emt 00:00:14]}
77. Rb8 {[%clk 00:53:33]} {[%emt 00:00:08]} Ka2 {[%clk 00:34:51]} {[%emt
00:00:22]} 78. Kd4 {[%clk 00:53:56]} {[%emt 00:00:08]} Rc6 {[%clk 00:35:04]}
{[%emt 00:00:15]} 79. Ra8 {[%clk 00:53:44]} {[%emt 00:00:44]} b1=Q {[%clk
00:35:03]} {[%emt 00:00:26]} 80. Rxa5+ {[%clk 00:54:07]} {[%emt 00:00:10]} Kb2
{[%clk 00:35:19]} {[%emt 00:00:11]} 81. Rb5+ {[%clk 00:54:30]} {[%emt
00:00:10]} Kc2 {[%clk 00:35:45]} {[%emt 00:00:04]} 82. Rxb1 {[%clk 00:54:48]}
{[%emt 00:00:13]} Kxb1 {[%clk 00:36:13]} {[%emt 00:00:02]} 83. Kd5 {[%clk
00:55:09]} {[%emt 00:00:09]} Rc2 {[%clk 00:36:31]} {[%emt 00:00:11]} 84. Kd4
{[%clk 00:55:31]} {[%emt 00:00:08]} Kb2 {[%clk 00:36:58]} {[%emt 00:00:04]} 85.
Kd5 {[%clk 00:55:44]} {[%emt 00:00:17]} Kb3 {[%clk 00:37:16]} {[%emt 00:00:11]}
0-1

[Event "DVM U12 2023"]
[Site "Magdeburg GER"]
[Date "2023.12.28"]
[Round "3"]
[White "Tuktamyshev, Timur"]
[Black "Berndt, Ronson"]
[Result "0-1"]
[Termination "normal"]
[Board "4.3"]
[WhiteElo "1391"]
[BlackElo "1615"]
[WhiteTeam "Hamburger SK 1830"]
[BlackTeam "SC Borussia Lichtenberg"]
[PlyCount "80"]
[WhiteFideId "34637125"]
[BlackFideId "34618694"]
[EventCountry "GER"]
[EventRounds "7"]
[EventType "team-swiss"]
[EventDate "2023.12.26"]

1. e4 {[%emt 13:32:44]} e5 {[%emt 00:00:08]} 2. Nf3 {[%emt 00:00:02]} Nc6
{[%emt 00:00:12]} 3. Bc4 {[%emt 00:00:02]} Bc5 {[%emt 00:00:26]} 4. Nc3 {[%emt
00:00:13]} Nf6 {[%emt 00:00:15]} 5. d3 {[%emt 00:00:10]} d6 {[%emt 00:01:38]}
6. Bg5 {[%emt 00:00:31]} h6 {[%emt 00:00:54]} 7. Bh4 {[%emt 00:00:32]} Be6
{[%emt 00:18:54]} 8. Bb5 {[%emt 00:04:30]} Bb4 {[%emt 00:14:36]} 9. a3 {[%emt
00:02:14]} Bxc3+ {[%emt 00:01:45]} 10. bxc3 {[%emt 00:06:16]} g5 {[%emt
00:02:49]} 11. Bg3 {[%emt 00:00:49]} O-O {[%emt 00:00:28]} 12. h4 {[%emt
00:02:54]} g4 {[%emt 00:00:25]} 13. Nd2 {[%emt 00:01:33]} h5 {[%emt 00:01:05]}
14. f4 {[%emt 00:02:35]} gxf3 {[%emt 00:03:19]} 15. gxf3 {[%emt 00:02:01]} Ne7
{[%emt 00:01:31]} 16. d4 {[%emt 00:02:30]} Ng6 {[%emt 00:04:22]} 17. Bd3 {[%emt
00:02:02]} c6 {[%emt 00:05:13]} 18. Rg1 {[%emt 00:03:40]} Kh8 {[%emt 00:00:39]}
19. Nc4 {[%emt 00:07:54]} Bxc4 {[%emt 00:03:48]} 20. Bxc4 {[%emt 00:00:22]} Qe7
{[%emt 00:00:13]} 21. Qd2 {[%emt 00:03:28]} Kh7 {[%emt 00:01:25]} 22. Bd3
{[%emt 00:02:14]} Rg8 {[%emt 00:00:53]} 23. Qg5 {[%emt 00:03:06]} Rae8 {[%emt
00:04:10]} 24. Kd2 {[%emt 00:06:13]} Rg7 {[%emt 00:04:45]} 25. Qf5 {[%emt
00:07:41]} Qe6 {[%emt 00:01:30]} 26. Bc4 {[%emt 00:05:35]} Qxc4 {[%emt
00:01:23]} 27. Qxf6 {[%emt 00:01:30]} Re6 {[%emt 00:00:16]} 28. Qg5 {[%emt
00:02:13]} exd4 {[%emt 00:00:13]} 29. Qxh5+ {[%emt 00:02:08]} Kg8 {[%emt
00:02:07]} 30. Qa5 {[%emt 00:00:25]} dxc3+ {[%emt 00:03:15]} 31. Qxc3 {[%emt
00:00:21]} Qxc3+ {[%emt 00:00:12]} 32. Kxc3 {[%emt 00:00:04]} Ne5 {[%emt
00:02:14]} 33. Bxe5 {[%emt 00:02:03]} Rxe5 {[%emt 00:00:16]} 34. Kd4 {[%emt
00:01:48]} Rh5 {[%emt 00:01:03]} 35. Rh1 {[%emt 00:02:52]} Rgh7 {[%emt
00:00:11]} 36. Rag1+ {[%emt 00:00:15]} Kf8 {[%emt 00:00:16]} 37. Rb1 {[%emt
00:02:38]} b6 {[%emt 00:00:43]} 38. Rb4 {[%emt 00:03:38]} c5+ {[%emt 00:00:09]}
39. Kc4 {[%emt 00:00:16]} cxb4 {[%emt 00:00:08]} 40. Kxb4 {[%emt 00:00:02]} a6
{[%emt 00:01:48]} 0-1